| 000 | 01071nas a2200337 4500 | ||
|---|---|---|---|
| 001 | BR2014003446 | ||
| 003 | BR-BrBNA | ||
| 005 | 20231205124102.0 | ||
| 007 | ta | ||
| 008 | 230509b bl.|||p| |||| 00| 00por d | ||
| 040 |
_aBR-BrBNA _bpor _cBiblioteca Nacional de Agricultura |
||
| 041 | _a(Pt) | ||
| 072 | _aL73 | ||
| 100 | 1 | _aCastelo-Branco, P.S.M. | |
| 100 | 1 | _aSena, P. | |
| 100 | 1 | _aSouza, S.A.L. de | |
| 100 | 1 | _aLopes, F.P.P.L. | |
| 100 | 1 | _aFonseca, L.M.B. da | |
| 100 | 1 | _aScherer, P.O. | |
| 100 | 1 | _aGutfilen, B. | |
| 245 | 1 | _aDiagnóstico precoce de metástase pulmonar: comparação entre radiografia convencional e a cintilografia com timina TC em cadela com tumor de mama - relato de caso | |
| 650 | _aCÃO | ||
| 650 | _aDIAGNÓSTICO | ||
| 650 | _aRADIOGRAFIA | ||
| 650 | _aTUMOR | ||
| 650 | _aNEOPLASIA | ||
| 650 | _aPULMÃO | ||
| 773 | 0 |
_tRevista Brasileira de Medicina Veterinária (Brazil) _xISSN 0100-2430 _g(Jul-Sep 2013), v. 35(3) p. 267-271 _wBR2014003446 |
|
| 909 |
_a202311 _bLúcia _c55 _dLúcia Elande |
||
| 942 |
_2AGRIS _n0 _cANA |
||
| 999 |
_c237222 _d237222 |
||